| 000 | 00839cam a22002773a 4500 | ||
|---|---|---|---|
| 001 | 16413426 | ||
| 003 | OSt | ||
| 005 | 20140310182237.0 | ||
| 008 | 940919s1994 nyu j 000 1 eng d | ||
| 010 | _a 97809222 | ||
| 020 |
_a0671794922 (pbk.) : _c$3.99 |
||
| 035 | _a(OCoLC)ocm31138326 | ||
| 040 |
_aOCO _cOCO _dSLC _dDLC |
||
| 050 |
_aPZ 7 _b.K26n100 1994 |
||
| 082 |
_aFIC _bK25nf #100 |
||
| 100 | 1 |
_aKeene, Carolyn. _94653 |
|
| 245 | 1 | 0 |
_aDance till you die / _cCarolyn Keene. |
| 260 |
_aNew York : _bPocket Books, _cc1994. |
||
| 300 |
_a149 p. ; _c18 cm. |
||
| 440 |
_aNancy Drew files _n#100 _918723 |
||
| 650 |
_aMystery stories _xfiction _918724 |
||
| 710 | 2 |
_aCopyright Paperback Collection (Library of Congress) _5DLC _9705 |
|
| 906 |
_a7 _bcbc _ccopycat _d2 _encip _f19 _gy-genrareb |
||
| 942 |
_2lcc _cBK-FIC |
||
| 999 |
_c11046 _d11046 |
||